| 000 | 00421nam a2200145Ia 4500 | ||
|---|---|---|---|
| 008 | 230917s9999||||xx |||||||||||||| ||und|| | ||
| 040 |
_e169966 _aMAIN |
||
| 041 | _aEnglish | ||
| 082 | _a891.431731 AS99M | ||
| 100 | _aअय्यर, सुमित | ||
| 245 | 0 | _aमै, तुम और जंगल | |
| 260 |
_aदिल्ली _bइन्द्रप्रस्थ |
||
| 300 | _a59 पृ. p. | ||
| 942 | _cHN | ||
| 999 |
_c157943 _d157943 |
||